000 00266nam a22001097a 4500
008 170113b xxu||||| |||| 00| 0 eng d
020 _a9780397557578
041 _aeng
080 _a618.2
245 _aPSYCHIATRIC-MENTAL HEALTH NURSING
_cJOHNSON, B.S
942 _2udc
_cBK
999 _c2848
_d2848